Деятельность партийных организаций Сибири по вовлечению масс в революционное движение и повышение их активности в строительстве социализма и коммунизма

Bibliographische Detailangaben
Weitere Verfasser: Куперт Ю. В. (редактор)
Sprache:Russisch
Veröffentlicht: Томск, Изд-во Томского ун-та, 1977
Schlagworte:
Format: Buch
KOHA link:https://koha.lib.tpu.ru/cgi-bin/koha/opac-detail.pl?biblionumber=316350

MARC

LEADER 00000nam0a2200000 4500
001 316350
005 20231102002852.0
035 |a (RuTPU)RU\TPU\book\341788 
090 |a 316350 
100 |a 20160318d1977 km y0rusy50 ca 
101 0 |a rus 
102 |a RU 
105 |a y z 000zy 
200 1 |a Деятельность партийных организаций Сибири по вовлечению масс в революционное движение и повышение их активности в строительстве социализма и коммунизма  |f под ред. Ю. В. Куперта 
210 |a Томск  |c Изд-во Томского ун-та  |d 1977 
215 |a 172 с. 
606 1 |a КПСС  |x История  |x Партийные организации  |x Сибирь  |2 stltpush  |3 (RuTPU)RU\TPU\subj\75196  |9 87067 
610 1 |a партийные документы 
610 1 |a распространение 
610 1 |a историография 
610 1 |a Томская губерния 
610 1 |a партийное руководство 
610 1 |a городские Советы 
610 1 |a Алтайский край 
610 1 |a молодежь 
610 1 |a комсомольцы 
610 1 |a Кузбасс 
610 1 |a шахты 
686 |a Ф61(2Р5)  |v LBC/SL-A  |2 rubbk 
702 1 |a Куперт  |b Ю. В.  |4 340 
801 1 |a RU  |b 63413507  |c 20160318 
801 2 |a RU  |b 63413507  |c 20170206  |g RCR 
942 |c BK